| 000 | 00842nam0a22002531 4500 | ||
|---|---|---|---|
| 001 | rc\784861 | ||
| 005 | 20040301143408.0 | ||
| 035 | _a(NLR Aleph) 006310453 | ||
| 090 |
_a7346021 _c7346021 |
||
| 100 | _a20040301d1983 u |0rusy50 ca | ||
| 101 | 0 | _arus | |
| 102 | _aRU | ||
| 105 | _ay ||||||||| | ||
| 200 | 1 |
_aОт эксперимента - к внедрению _e[Совхоз "Беларусь" Жабинков. р-на] |
|
| 210 |
_aМинск _cУраджай _d1983 |
||
| 215 |
_a43 с. _d20 |
||
| 225 | 1 | _aНаш курс - эффективность и качество | |
| 700 | 1 |
_aГриб _bП. С. _gПетр Семенович |
|
| 701 | 1 |
_aМатох _bА. А. _gАлександр Александрович |
|
| 801 | 0 |
_aRU _bNLR _gpsbo |
|
| 801 | 1 |
_aRU _bELAR _2rusmarc |
|
| 852 |
_aNLR _j84-4/9825 |
||
| 942 | _cBOOK | ||
| 980 | _aNB | ||